| 000 | 01518nam a2200313 a 4500 | ||
|---|---|---|---|
| 001 | 000016759 | ||
| 003 | OSt | ||
| 005 | 20250924073801.0 | ||
| 008 | 100310s1952 dr 000 0 spa d | ||
| 040 |
_aDO-SdBNP _bspa _cBNPHU |
||
| 049 | _aBNPD | ||
| 082 | 7 | 4 |
_a378.001 _bU58t, 1952 _222 |
| 110 | 1 |
_aUniversidad Autónoma de Santo Domingo _972951 |
|
| 245 | 1 | 0 | _aTrabajos premiados en distintas facultades en el año 1951. |
| 260 |
_aCiudad Trujillo, República Dominicana : _bUASD, _c1952. |
||
| 300 |
_a85 p. ; _c22 cm. |
||
| 490 | 1 |
_aPublicaciones de la Universidad Autónoma de Santo Domingo _v87 |
|
| 490 | 1 | _aBibliografía (o Poligrafía) | |
| 504 | _aBibliografía: p. 85. | ||
| 505 | 0 |
_tAportaciones para un estudio de la filosofía dominicana / _gArmando Cordero -- _tHacia la reforma de nuestro Código de Comercio / _gManuel de Jesús Goico Castro -- _tLa quina : su transición de la leyenda a la farmacopea/ _gLuisa Rodríguez Stal -- _tIntento de simplificaciones a métodos de perspectiva arquitectónica / _gBr. Harry Alex Smith Godwin. |
|
| 650 | 4 |
_aEducación superior _xPremios _937140 |
|
| 650 | 4 |
_aFilosofía dominicana _xEnsayos, conferencias, etc. _937141 |
|
| 650 | 4 |
_aBotánica médica _xInvestigaciones _937142 |
|
| 650 | 4 |
_aArquitectura dominicana _xEnsayos, conferencias, etc. _937143 |
|
| 830 |
_aPublicaciones de la Universidad Autónoma de Santo Domingo _v87 _952 |
||
| 830 | 0 |
_aBibliografía (o Poligrafía) _937144 |
|
| 910 | _aValidado. Control de la calidad EMS | ||
| 942 |
_2ddc _cLBS1 |
||
| 999 |
_c16291 _d16291 |
||